Statistiques concernant Devinez le film avec une image #1 (Pour les cinéphiles)

Cliquez ici pour prendre le quiz!

Statistiques générales

  • Ce quiz a été pris 111 fois
  • Le résultat moyen est 5 sur 16

Statistiques - réponses

Réponse% Correct
Taxi Driver
75%
No country for old men
57%
Memento
56%
Snatch
56%
L'Armée des 12 singes
47%
Danse avec les loups
44%
Blade runner
39%
voyage au bout de l'enfer
35%
Old boy
34%
Babel
29%
Shame
18%
Mulholland Drive
14%
Pi
9%
Le Mépris
6%
bone tomahawk
5%
Turkish Star Wars
1%

Distribution des résultats

Percentile par nombre de réponses

% des personnes avec chaque résultat

Votre développement - résultats

Vous n’avez pas pris ce quiz